000 00612cam a2200229 4500
001 ABS65843
008 020823n2002 000 0 eng u
035 _a(Sirsi) u119427
245 _aSouth Mediterranean markets
260 _c2002
490 _aProperty Week
_v67(31) 9 August 2002, 47-58(10)
590 _aABS
650 _aSPAIN
650 _aMADRID
650 _aHOTEL MARKET
650 _aITALY
650 _aPROPERTY INVESTMENT MARKET
650 _aPORTUGAL
650 _aPROPERTY-COMMERCIAL PROPERTY-RETAIL PROPERTY-RETAIL PROPERTY MARKET
690 _aINTERNATIONAL-EUROPE
942 _n0
999 _c71005
_d71005